Diéta s obmedzeným prívodom bielkovín v kombinácii s ACEI nezlepšuje inzulínovú senzitivitu pri nefrogénnej hypertenzii

Bibliographic Details
Main Authors: Spustková, Viera (Author), Štefíková, Kornélia, 1962- (Author), Okša, Adrián, 1961- (Author), Dzúrik, Rastislav, 1929-2014 (Author)
Format: Article
Language:Slovak
PhysicalDescription:Grafy 4, tab. 2, res. angl., slov. lit. 25 zázn. v angl., slov.
ISSN:0042-773X
Subjects:

MARC

LEADER 00000nab a2200000 a 4500
001 vtls000602013
003 SK-MaSNL
005 20260304101546.0
008 250426c1996 xo 0 slo
015 |a SNBRB19rr/mm-uuuuu 
035 |a CL0602152 
035 |a urn:nbn:sk:snk-abajwp 
035 |a (urnnbn)urn:nbn:sk:snk:ar-a0a14m 
035 |a (uuid)f6c0b432-f090-4b97-a89f-91b1c6eaa35a 
040 |a SNKBUCL  |b slo  |c SNKBUCL  |e AACR2 
041 0 |a slo 
044 |a xo  |c SK 
080 |a 616-008.331.1:616.61-002  |2 1981 
080 |a 616.61-002  |2 1981 
080 |a 615.22  |2 1981 
245 0 0 |a Diéta s obmedzeným prívodom bielkovín v kombinácii s ACEI nezlepšuje inzulínovú senzitivitu pri nefrogénnej hypertenzii  |c Viera Spustková ... [et al.] 
300 |b Grafy 4, tab. 2, res. angl., slov. lit. 25 zázn. v angl., slov. 
650 0 7 |a nefrogénna hypertenzia  |2 SNK  |9 1382658 
650 0 7 |a nefropatia  |2 SNKPH  |9 17651 
650 0 7 |a inzulínová rezistencia  |2 SNK  |9 81394 
650 0 7 |a inhibítory angiotenzín konvertujúceho enzýmu  |2 SNK  |9 239013 
650 0 7 |a nízkobielkovinová diéta  |2 SNK  |9 1397150 
655 7 |a články z novín a časopisov  |2 SNK  |9 267496 
700 1 |a Spustková, Viera  |4 aut  |9 1397151 
700 1 |a Štefíková, Kornélia,  |d 1962-  |4 aut  |9 622500 
700 1 |a Okša, Adrián,  |d 1961-  |4 aut  |9 11864 
700 1 |a Dzúrik, Rastislav,  |d 1929-2014  |4 aut  |9 13378 
773 0 |t Vnitřní lékařství  |g Roč. 42, č. 3 (1996), s. 157-161  |x 0042-773X 
850 |a Slovenská národná knižnica 
852 |a Slovenská národná knižnica 
954 |a odborná, vedecká literatúra pôvodná (slovenská)  |2 lita 
958 |a article14 
958 |a NB 
958 |a MI 
958 |a RK 
958 |a OND 
958 |a EUIPO 
999 |c 2842207  |d 2844137